LEADER 04668nam 2200661 450 001 9910459861803321 005 20200520144314.0 010 $a1-4384-5300-0 035 $a(CKB)3710000000250802 035 $a(EBL)3408935 035 $a(SSID)ssj0001351822 035 $a(PQKBManifestationID)11899092 035 $a(PQKBTitleCode)TC0001351822 035 $a(PQKBWorkID)11309242 035 $a(PQKB)11199367 035 $a(MiAaPQ)EBC3408935 035 $a(Au-PeEL)EBL3408935 035 $a(CaPaEBR)ebr10944512 035 $a(OCoLC)892844481 035 $a(EXLCZ)993710000000250802 100 $a20141009h20142014 uy 0 101 0 $aeng 135 $aur|n|---||||| 181 $ctxt 182 $cc 183 $acr 200 14$aThe losing war $ePlan Colombia and beyond /$fJonathan D. Rosen 210 1$aAlbany, New York :$cSUNY Press,$d2014. 210 4$dİ2014 215 $a1 online resource (202 p.) 225 1 $aJames N. Rosenau Series in Global Politics 300 $aIncludes index. 311 $a1-4384-5299-3 327 $a""Contents""; ""Timeline""; ""Acknowledgments""; ""1 Introduction""; ""Organization of the Book""; ""Puzzle One: Origins of Plan Colombia""; ""Puzzle Two: From Drug Trafficking to Narco-Terrorism""; ""Puzzle Three: Beyond Plan Colombia""; ""Puzzle Four: Theory and Method""; ""Methodological Approach and Techniques""; ""Levels of Analysis""; ""Theoretical Approach""; ""Neorealism""; ""Liberalism""; ""Constructivism""; ""Lessons and Analytical Contributions""; ""2 The Colombian Puzzle in Historical Context""; ""Drug Cultivation and Trafficking in Colombia"" 327 $a""The Defeat of the Colombian Kingpins""""Domestic Dynamics: Internal Actors within Colombia""; ""Colombia and Its History of Weak Institutions""; ""The Clinton Administration""; ""1994: Republicans Take over Congress""; ""Ernesto Samper Toughens Stance on Drugs""; ""Counterproductive Policies: The U.S. Decertifies Colombia""; ""Conclusion""; ""3 The Origins of Plan Colombia""; ""The Pastrana Administration""; ""Pastrana Travels North""; ""U.S. Congressional Debate""; ""Understanding the Formation of Plan Colombia""; ""Financing of Plan Colombia""; ""Components of Plan Colombia"" 327 $a""Military Components of Plan Colombia""""Aerial Eradication""; ""Alternative Development and Crop Substitution""; ""Strengthening Democracy and Institutions""; ""Conclusion""; ""4 Uribe and the Fusion of the War on Drugs with the War on Terrorism""; ""External Shock: September 11, 2001""; ""Uribea???s Vision and Reorientation""; ""New Goals of Plan Colombia""; ""Expansion of Military Operations""; ""Controlling Land Seized""; ""Equipment and Training""; ""Uribe Seeks to Secure Infrastructure""; ""Increase of Resources for Interdiction"" 327 $a""Conceptual Analysis of Alternative Development Programs""""Results of Plan Colombia during the Uribe Administration: Successes against the FARC""; ""Victories against the AUC""; ""Weakening of the ELN""; ""Initial Successes Combating Corruption""; ""Parapolitics Scandal""; ""a???False Positivesa??? Scandal""; ""Human Rights Abuses""; ""Uribe Desires Passage of the Free Trade Agreement in Return for His Loyalty""; ""Conclusions""; ""5 Beyond Plan Colombia and Desecuritization""; ""Internal Displacement""; ""Uribea???s Departure from Power""; ""Election of Juan Manuel Santos"" 327 $a""Santos Seeks to Assist Marginalized Communities""""The Victims and Land Restitution Law""; ""Addressing Internal Displacement""; ""Addressing Impunity""; ""Peace Talks""; ""Santos and the War on Drugs""; ""Conclusion""; ""6 Desecuritizing Plan Colombia""; ""Plan Colombia II""; ""Why Obama Would Want to Cut Plan Colombia""; ""Mexico, Not Colombia""; ""The Recession""; ""Speech Acts""; ""Conclusion""; ""7 Social Constructions of Colombiaa???s: An Analysis of Speech Acts from 1998 to 2009""; ""The Election of Pastrana""; ""Plan Colombia""; ""Leadership Transition"" 327 $a""The Drugs and Terror Nexus"" 410 0$aJames N. Rosenau Series in Global Politics 606 $aDrug control$zColombia 606 $aInsurgency$zColombia 606 $aCounterinsurgency$zColombia 606 $aNational security$zColombia 608 $aElectronic books. 615 0$aDrug control 615 0$aInsurgency 615 0$aCounterinsurgency 615 0$aNational security 676 $a363.4509861 700 $aRosen$b Jonathan D.$0848216 801 0$bMiAaPQ 801 1$bMiAaPQ 801 2$bMiAaPQ 906 $aBOOK 912 $a9910459861803321 996 $aThe losing war$91976801 997 $aUNINA LEADER 01981nam 2200493Ia 450 001 9910699551703321 005 20230902162247.0 035 $a(CKB)5470000002403409 035 $a(OCoLC)667223642 035 $a(EXLCZ)995470000002403409 100 $a20100930d2008 ua 0 101 0 $aeng 135 $aurmn||||||||| 181 $ctxt$2rdacontent 182 $cc$2rdamedia 183 $acr$2rdacarrier 200 10$aTest results from a simulated high-voltage Lunar power transmission line$b[electronic resource] /$fArthur Birchenough, David Hervol ; prepared for the Space Technology and Applications International Forum (STAIF-2008) sponsored by the Institute for Space and Nuclear Power Studies at the University of New Mexico, Albuquerque, New Mexico, February 10-14, 2008 210 1$aCleveland, Ohio :$cNational Aeronautics and Space Administration, Glenn Research Center,$d[2008] 215 $a1 online resource (8 pages) $cillustrations 225 1 $aNASA TM- ;$v2008-215164 300 $aTitle from title screen (viewed on Sept. 30, 2010). 300 $a"January 2008." 320 $aIncludes bibliographical references (page 8). 410 0$aNASA technical memorandum ;$v215164. 606 $aHigh voltages$2nasat 606 $aTransmission lines$2nasat 606 $aSimulation$2nasat 606 $aElectric power$2nasat 606 $aAC generators$2nasat 615 7$aHigh voltages. 615 7$aTransmission lines. 615 7$aSimulation. 615 7$aElectric power. 615 7$aAC generators. 700 $aBirchenough$b Arthur$01420876 701 $aHervol$b David$01420877 712 02$aNASA Glenn Research Center. 712 12$aSpace Technology & Applications International Forum$f(2008 :$eAlbuquerque, N.M.) 801 0$bGPO 801 1$bGPO 906 $aBOOK 912 $a9910699551703321 996 $aTest results from a simulated high-voltage Lunar power transmission line$93540236 997 $aUNINA